Полевые методы определения характеристик грунтов: учебное пособие

Λεπτομέρειες βιβλιογραφικής εγγραφής
Κύριος συγγραφέας: Бугров А. К. Александр Константинович
Συγγραφή απο Οργανισμό/Αρχή: Ленинградский политехнический институт им. М. И. Калинина (ЛПИ)
Γλώσσα:Ρωσικά
Έκδοση: Ленинград, Изд-во ЛПИ, 1984
Θέματα:
Μορφή: Βιβλίο
KOHA link:https://koha.lib.tpu.ru/cgi-bin/koha/opac-detail.pl?biblionumber=276748

MARC

LEADER 00000nam0a2200000 4500
001 276748
005 20231101234941.0
035 |a (RuTPU)RU\TPU\book\300021 
090 |a 276748 
100 |a 20141126d1984 m y0rusy5003 ca 
101 0 |a rus 
102 |a RU 
105 |a a j 000zy 
200 1 |a Полевые методы определения характеристик грунтов  |e учебное пособие  |f А. К. Бугров  |g Ленинградский политехнический институт им. М. И. Калинина (ЛПИ) 
210 |a Ленинград  |c Изд-во ЛПИ  |d 1984 
215 |a 44 с.  |c ил. 
606 1 |a Грунты  |x Исследования полевые  |2 stltpush  |3 (RuTPU)RU\TPU\subj\8768  |9 36108 
610 1 |a полевые методы 
610 1 |a физико-механические свойства 
610 1 |a испытания 
610 1 |a деформация 
610 1 |a прочность 
610 1 |a плотность 
610 1 |a зондирование 
610 1 |a учебные пособия 
675 |a 624.131.38(075.8)  |z rus  |v 4 
700 1 |a Бугров  |b А. К.  |g Александр Константинович 
712 0 2 |a Ленинградский политехнический институт им. М. И. Калинина (ЛПИ)  |c (1924-1930, 1940-1990)  |2 stltpush  |3 (RuTPU)RU\TPU\col\2601 
801 0 |a RU  |b RuMRKP  |c 19950704  |g psbo 
801 1 |a RU  |b 63413507  |c 20141126 
801 2 |a RU  |b 63413507  |c 20170331  |g RCR 
942 |c BK